| 000 | 00449nam a22001697a 4500 | ||
|---|---|---|---|
| 005 | 20190614142021.0 | ||
| 008 | 160113b xxu||||| |||| 00| 0 spa d | ||
| 041 | _aEspañol | ||
| 082 |
_aES 863.4 _bO66h |
||
| 100 |
_aOrellana Suárez, Mauricio _9426 |
||
| 245 | _aHeterocity | ||
| 260 |
_aCosta Rica _bLanzallamas _c2011 |
||
| 300 | _a488 páginas | ||
| 650 |
_aLITERATURA SALVADOREÑA _9427 |
||
| 650 |
_aNOVELA SALVADOREÑA _9428 |
||
| 942 | _cLIT | ||
| 999 |
_c7321 _d7321 |
||